Catalog

Record Details

Catalog Search



Available copies

  • 2 of 2 copies available at LARL/NWRL Consortium. (Show)
  • 2 of 2 copies available at Lake Agassiz Regional Library.

Current holds

0 current holds with 2 total copies.

Show Only Available Copies
Location Call Number / Copy Notes Barcode Shelving Location Status Due Date
Crookston Public Library Y HAM (Text) 33500014315535 New Available -
Fosston Public Library Y HAM (Text) 33500014315527 New Available -

Record details

  • ISBN: 9781547619108
  • ISBN: 1547619104
  • ISBN: 9781547616596
  • ISBN: 1547616598
  • Physical Description: 376 pages ; 24 cm
  • Publisher: New York, NY : Bloomsbury YA, 2025.

Content descriptions

General Note:
"Deluxe limited edition includes stenciled edges, patterned endpapers, and a designed case ... Read More
Summary, etc.:
"In the cursed Kingdom of Aragoa, the punishment ... Read More
"Viola Sinclair has hidden her shadow magic her ... Read More
Target Audience Note:
15-18.
10-13.
Subject: Magic > Juvenile fiction.
Assassins > Juvenile fiction.
Aristocracy (Social class) > Juvenile fiction.
Blessing and cursing > Juvenile fiction.
Imaginary wars and battles > Juvenile fiction.
Man-woman relationships > Juvenile fiction.
Engagement > Fiction.
Magic > Fiction.
Secrecy > Fiction.
Engagement > Fiction.
Magic > Fiction.
Secrecy > Fiction.
Genre: Fantasy fiction.
Romance fiction.
Fantasy fiction.
Romance fiction.
Adaptations.
LDR 04247cam a2200649 i 4500
001470095
003LARL_NWRL_CONSORTIUM
00520251217205907.0
008251105t20252025nyu d 000 1 eng d
040 . ‡aIG# ‡beng ‡erda ‡cIG# ‡dOCLCO ‡dRNL ‡dJCX ‡dOCLCO ‡dOCO ‡dVGM ‡dYU6 ‡dCHILD
020 . ‡a9781547619108 ‡q(hardcover)
020 . ‡a1547619104 ‡q(hardcover)
020 . ‡a9781547616596 ‡q(hardcover special edition)
020 . ‡a1547616598 ‡q(hardcover special edition)
035 . ‡a(OCoLC)1548429246
08204. ‡a813/.6 ‡223
1001 . ‡aHamilton, Amber, ‡eauthor.
24510. ‡aSeven deadly thorns / ‡cAmber Hamilton.
2463 . ‡a7 deadly thorns
264 1. ‡aNew York, NY : ‡bBloomsbury YA, ‡c2025.
264 4. ‡c©2025
300 . ‡a376 pages ; ‡c24 cm
336 . ‡atext ‡btxt ‡2rdacontent
337 . ‡aunmediated ‡bn ‡2rdamedia
338 . ‡avolume ‡bnc ‡2rdacarrier
520 . ‡a"In the cursed Kingdom of Aragoa, the punishment for magic is death he students at Vandenberghe Academy aren't spared. When Viola Sinclair's deadly shadow magic is discovered, the queen gives her assassin a new assignment and a new cursed tattoo: seven-thorned rose on his arm for the seven days he has to hunt Viola down and kill her. If he doesn't, he will be the one to die. The assassin is Roze Roquelart--entitled prince, arrogant fellow student, and the one person Viola hates more than anyone. Roze should revel in the chance to end her life, but he desperately needs something from Viola and her magic. And he's willing to spare her life--and fake their engagement--to get it. Forced to work together, Viola and Roze must contend with deadly threats, dangerous secrets, and an impossible attraction. Will they give in to their deepest desires, even if it means destroying Aragoa--and risking both their lives?"-- ‡cProvided by publisher.
520 . ‡a"Viola Sinclair has hidden her shadow magic her whole life. Discovery means certain death, for in the Kingdom of Aragoa dark magic is forbidden. When the Queen finds out Viola's secret, she sends her royal assassin to kill her. He is given a cursed tattoo: seven thorns on his arm for the seven days he has to complete his deadly task. If he fails, he will be the one to die. The assassin is Roze Roquelart -- entitled prince, arrogant fellow student at Vandenberghe Academy, and Viola's mortal enemy. The chance to strike Viola down is at Roze's fingertips. But he needs something from Viola. And he's willing to spare her life to get it. Forced to work together, Viola and Roze uncover terrible secrets, sinister threats . . . and an irresistible attraction. Can they learn to trust each other in time to save themselves -- and bring the light back to Aragoa?"-- ‡cProvided by publisher.
500 . ‡a"Deluxe limited edition includes stenciled edges, patterned endpapers, and a designed case cover!"--Publisher website, accessed December 8, 2025.
5211 . ‡a15-18.
5212 . ‡a10-13.
650 0. ‡aMagic ‡vJuvenile fiction. ‡0(LARL_NWRL_CONSORTIUM)165990
650 0. ‡aAssassins ‡vJuvenile fiction.
650 0. ‡aAristocracy (Social class) ‡vJuvenile fiction.
650 0. ‡aBlessing and cursing ‡vJuvenile fiction.
650 0. ‡aImaginary wars and battles ‡vJuvenile fiction.
650 0. ‡aMan-woman relationships ‡vJuvenile fiction.
650 1. ‡aEngagement ‡vFiction.
650 1. ‡aMagic ‡vFiction. ‡0(LARL_NWRL_CONSORTIUM)165984
650 1. ‡aSecrecy ‡vFiction. ‡0(LARL_NWRL_CONSORTIUM)167261
650 7. ‡aEngagement ‡vFiction. ‡2sears
650 7. ‡aMagic ‡vFiction. ‡2sears ‡0(LARL_NWRL_CONSORTIUM)165984
650 7. ‡aSecrecy ‡vFiction. ‡2sears ‡0(LARL_NWRL_CONSORTIUM)167261
655 0. ‡aFantasy fiction.
655 0. ‡aRomance fiction.
655 7. ‡aFantasy fiction. ‡2lcgft
655 7. ‡aRomance fiction. ‡2lcgft
655 7. ‡aAdaptations. ‡2lcgft
901 . ‡a470095 ‡bOCoLC ‡c470095 ‡tbiblio ‡soclc

Additional Resources